| 000 | 00417nam a2200181Ia 4500 | ||
|---|---|---|---|
| 001 | 10789 | ||
| 005 | 20260306161858.0 | ||
| 008 | 260306t1970||||xx |||||||||||||| ||spa|| | ||
| 041 | _aESP | ||
| 082 |
_a954 _bC36 |
||
| 100 |
_aCataluccio, Francesco _eAUT |
||
| 245 | 0 | _aLa revolución India | |
| 260 | _c1970 | ||
| 300 |
_a329 pƔginas : _c18 cm. |
||
| 650 | _aGEN | ||
| 654 | _aCHU | ||
| 942 |
_cLIB _dJUS _fJUS _2ddc _n |
||
| 999 |
_c10789 _d10789 |
||